000 00760nam a2200313Ia 4500
008 160803s9999 xx 000 0 und d
020 _a978-0545317047
100 _aGray, Eva
245 _aSet Me Free /
245 _cby Eva Gray.
260 _aNew York :
260 _bScholastic Inc.
260 _c2011
300 _a230 pages ;
300 _c20 cm.
440 _aTomorrow girls,
440 _vbk. 4.
650 _aFriendship --
650 _aMothers and daughters --
650 _aSurvival --
650 _aSurvival --
650 _aTeenage girls --
650 _xFiction.
650 _xJuvenile fiction.
650 _xJuvenile fiction.
650 _xJuvenile fiction.
650 _xJuvenile fiction.
700 _a680
999 _c298440
_d298440